Bezpečnostné aspekty moderných IoT sietí

Guardado en:
Detalles Bibliográficos
Autor principal: Gdovin, Lukáš (Autor)
Otros Autores: Páleník, Tomáš (Orientador)
Formato: Manuscrito Libro
Lenguaje:eslovaco
Publicado: Bratislava : STU v Bratislave FEI, 2021
Materias:
Acceso en línea:https://opac.crzp.sk/?fn=detailBiblioForm&sid=1D055279E2D1258CBA7A2D1E7F1A&seo=CRZP-detail-kniha
Etiquetas: Agregar Etiqueta
Sin Etiquetas, Sea el primero en etiquetar este registro!

MARC

LEADER 00000ntm a22000003a 4500
001 stuzp82416
003 SK-STU
005 20211129105926.9
007 ta
008 150427s2015----xo-----f-mn---000-0-slo-d
040 |a STU  |b slo 
041 0 |a slo 
044 |a xo 
100 1 |a Gdovin, Lukáš  |u 037000  |4 aut  |U FEI Fakulta elektrotechniky a informatiky  |T FEI Ústav multimediálnych informačných a komunikačných technológií  |X 79867  |U E070  |Y 818  |7 79867 
242 0 1 |a Security aspects of modern IoT networks  |y eng 
245 1 0 |a Bezpečnostné aspekty moderných IoT sietí 
260 |a Bratislava :  |b STU v Bratislave FEI,  |c 2021 
300 |a 70 s. 
650 4 |a LoRa  |2 slo 
650 4 |a LoRaWAN  |2 slo 
650 4 |a ABP  |2 slo 
650 4 |a OTAA  |2 slo 
650 4 |a DRAGINO  |2 slo 
650 4 |a LoRa  |2 eng 
650 4 |a LoRaWAN  |2 eng 
650 4 |a ABP  |2 eng 
650 4 |a OTAA  |2 eng 
650 4 |a DRAGINO  |2 eng 
700 1 |a Páleník, Tomáš  |u 037000  |k Z1  |4 ths  |U FEI Fakulta elektrotechniky a informatiky  |T FEI Ústav multimediálnych informačných a komunikačných technológií  |X 19622  |U E070  |Y 818  |7 A000019622 
856 4 |u https://opac.crzp.sk/?fn=detailBiblioForm&sid=1D055279E2D1258CBA7A2D1E7F1A&seo=CRZP-detail-kniha